Arrow of the blue- skinned God: Retracing the Ramayana through India (Record no. 1398868)

MARC details
000 -LEADER
fixed length control field 00637nam a2200217Ia 4500
005 - DATE AND TIME OF LATEST TRANSACTION
control field 20250508170036.0
008 - FIXED-LENGTH DATA ELEMENTS--GENERAL INFORMATION
fixed length control field 008 250505s9999 xx 000 0 eng d
020 ## - INTERNATIONAL STANDARD BOOK NUMBER
International Standard Book Number 0-8058-4337-X
037 ## - SOURCE OF ACQUISITION
Stock number Textual
040 ## - CATALOGING SOURCE
Original cataloging agency FEDL
Language of cataloging eng
Transcribing agency FEDL
041 ## - LANGUAGE CODE
Language code of text/sound track or separate title eng
Source of code eng
084 ## - COLON CLASSIFICATION NUMBER
Classification number 294.5, BLA
Assigning agency FEDL
100 ## - MAIN ENTRY--PERSONAL NAME
Personal name Blank Jonah
9 (RLIN) 142045
245 #0 - TITLE STATEMENT
Title Arrow of the blue- skinned God: Retracing the Ramayana through India
260 ## - PUBLICATION, DISTRIBUTION, ETC.
Place of publication, distribution, etc. New Delhi, India
Name of publisher, distributor, etc. Penguin Books
Date of publication, distribution, etc. 1998
300 ## - PHYSICAL DESCRIPTION
Extent xiv, 349p.
365 ## - TRADE PRICE
Price type code INR
Price amount 295
546 ## - LANGUAGE NOTE
Language note Gifted by Prof. Anita Rampal
942 ## - ADDED ENTRY ELEMENTS (KOHA)
Koha item type Textual
Classification part 294.5, BLA
Holdings
Withdrawn status Lost status Damaged status Not for loan Home library Current library Date acquired Cost, normal purchase price Total Checkouts Full call number Barcode Date last seen Price effective from Koha item type
        Department of Education Library Department of Education Library 2025-05-08 295.00   294.5, BLA EL0092530 2025-05-08 2025-05-08 Textual
Copyright @ Delhi University Library System